| 000 | 01195nam a2200229Ii 4500 | ||
|---|---|---|---|
| 003 | JO-AjNU | ||
| 008 | 230605s9999||||xx |||||||||||||| ||und|| | ||
| 017 | _a2004/11/2693 | ||
| 020 | _a9953-36-670-5 | ||
| 040 |
_aJO-AjNU _bara _erda _cJO-AjNU |
||
| 041 | _aara | ||
| 050 | 1 | 4 | _aHV 640 .5 .A6. S3464 2005 |
| 100 | 3 |
_aصالح، نازك حامد علي, _eauthor _920257 |
|
| 245 | 0 | 0 | _aمشاريع الدعم الذاتي: الاوضاع الاجتماعية والاقتصادية للاسر المستفيدة من مشاريع الدعم الذاتي في المخيمات الفلسطينية في الاردن: دراسة تقويمية ميدانية |
| 250 | _aط1 | ||
| 264 | 3 | 1 | _aبيروت، عمان: المؤسسة العربية للدراسات والنشر، دار الفارس للنشر والتوزيع، 2005 |
| 300 |
_a142ص _bيحتوي على ببلوغرافية وملاحق من 123-142ص |
||
| 336 |
_atext _btxt _2rdacontent |
||
| 337 |
_aunmediated _bn _2rdamedia |
||
| 338 |
_avolume _bnc _2rdacarrier |
||
| 650 | 4 |
_aاللاجئون الفلسطينيون - المخيمات - احوال اقتصادية - احوال اجتماعية - الاردن _920258 |
|
| 999 |
_aA6833 _c10401 _d10401 |
||